Normal view
MARC view
Entry Personal Name
001 - CONTROL NUMBER
- control field: 12189
003 - CONTROL NUMBER IDENTIFIER
- control field: OSt
005 - DATE AND TIME OF LATEST TRANSACTION
- control field: 20150919174147.0
008 - FIXED-LENGTH DATA ELEMENTS
- fixed length control field: 150919|| aca||aabn | a|a d
040 ## - CATALOGING SOURCE
- Original cataloging agency: OSt
- Transcribing agency: OSt
100 ## - HEADING--PERSONAL NAME
- Personal name: Mathur, Prof Agam Prasad
670 ## - SOURCE DATA FOUND
- Source citation: Work cat.: (OSt)41336: Mathur, Prof Agam Prasad, Detals of Love, 2009









